Sportarten mit "G" - Statistiken

Allgemein
  • Dieses Quiz wurde 67 mal gespielt
  • Das Durchschnittsergebnis liegt bei 4 aus 17
Antwortstatistiken
Art Sportart % Korrekt
Denksport Go
92%
Präzisionssport Golf
87%
Leichtathletik Gehen
56%
Turnen & Akrobatik Gerätturnen
40%
Kraftsport Gewichtheben
40%
Turnen Gymnastik
29%
Fliegen Gleitschirmfliegen
14%
Natur Geocaching
11%
Tanz Gardetanz
10%
Torspiel Goalball
5%
Geschwindigkeit Grasski
2%
Torspiel Gaelic Football
0%
Präzisionssport Gateball
0%
Denksport Gedächtnissport
0%
Präzisionssport Gorodki
0%
Werfen Gummistiefelweitwurf
0%
Geschicklichkeit Guts
0%
Keine übereinstimmenden Quizze gefunden
Verteilung der Resultate
Anzahl Personen mit jedem Resultat
Perzentil nach korrekt beantworteten Fragen
Ihre Resultats-Entwicklung
Sie haben dieses Quiz noch nicht gespielt